Города по Фото — П - Statistics

General Stats
  • This quiz has been taken 49 times
  • The average score is 7 of 20
Answer Stats
Picture Hint Answer % Correct
Париж
100%
Пхеньян
93%
Пиза
93%
Пекин
83%
Петергоф
67%
Прага
57%
Псков
47%
Порту
27%
Пятигорск
27%
Пушкин
23%
Познань
17%
Палермо
13%
Претория
10%
Потсдам
7%
Панама
7%
Петропавлоск-Камчатский
3%
Памплона
0%
Порт-о-Пренс
0%
Пальма-де-Майорка
0%
Пуэбла
0%
No matching quizzes found
Score Distribution
Percent of People with Each Score
Percentile by Number Answered
Your Score History
You have not taken this quiz